| 000 | 00594nam a2200181 a 4500 | ||
|---|---|---|---|
| 001 | 000035872 | ||
| 005 | 20200930074701.0 | ||
| 008 | 111115s1913 fr a 000 0 fre d | ||
| 040 |
_aDO-SdBNP _bspa _cBNPHU |
||
| 082 |
_axxx _bM291 |
||
| 100 | 1 |
_aMantegna, Andrea _d1431-1506 _961860 |
|
| 245 | 1 | 0 |
_aMantega / _cAndrea Mantega. |
| 260 |
_aParis : _bPierre Latitte et Cie., _c1913. |
||
| 300 |
_a40 p. : _bil. ; _c21 cm. |
||
| 490 | 1 |
_aLes peintres illustres _v58 |
|
| 590 | _aPerteneció a la biblioteca personal de Juan Isidro Jimenes Grullón. | ||
| 830 | 0 |
_aLes peintres illustres _nno. 58 _961861 |
|
| 999 |
_c35363 _d35363 |
||